UBT Library

Electromagnetic concepts and applications / (Record no. 1355)

000 -LEADER
fixed length control field 00504nam a22001697a 4500
008 - FIXED-LENGTH DATA ELEMENTS--GENERAL INFORMATION
fixed length control field 151111b xxu||||| |||| 00| 0 eng d
020 ## - INTERNATIONAL STANDARD BOOK NUMBER
International Standard Book Number 0132489635
041 0# - LANGUAGE CODE
Language code of text/sound track or separate title eng
080 ## - UNIVERSAL DECIMAL CLASSIFICATION NUMBER
Universal Decimal Classification number 621.318
100 1# - Rafti
Rafti Skitek, G. G.
245 10 - TITLE STATEMENT
Title Electromagnetic concepts and applications /
Statement of responsibility, etc G.G. Skitek, S.V. Marshall.
260 ## -
-- Englewood Cliffs, N.J. :
-- Prentice-Hall,
-- 1982.
300 ## -
-- xvii, 510 f. :
-- me il.;
-- 24 cm.
650 #0 -
-- Teoria elektromagnetike
700 1# -
-- Marshall, S. V.
942 ## - ADDED ENTRY ELEMENTS (KOHA)
Source of classification or shelving scheme
Item type Books
Holdings
Withdrawn status Lost status Source of classification or shelving scheme Damaged status Not for loan Collection code Permanent location Current location Shelving location Date acquired Total Checkouts Full call number Barcode Date last seen Koha item type
          Koleksioni i përgjithshem UBT - Lipjan UBT - Lipjan Koleksioni i përgjithshem 11/11/2015   621.318 SKI 002-008636 05/26/2017 Books
UBT Library © 2015-2024. All rights reserved University Education for Business and Technology